00751nam a2200193 4500001000700000003000900007005001700016007000300033008004100036100003000077245014800107260003400255300002800289700003500317700003200352852003200384999001900416952012200435108199ES-MaACL20230906184611.0t|061121s1970 sp r ||||1| spa d1 aMontarnal, Pierre.98240610aSetas comestibles y venenosas / cpor Pierre Montarnal; ilustración de Michelle Saint-Aubin ; traducción y adaptación Rafael Candel Vila. aBarcelona : bDaimon, c1970. a67 p. : bil ; c16 cm.1 aSaint-Aubin, Michelle.91015121 aCandel Vila, Rafael.934451 aES-MaACLjC-42125 bR.76382 c108199d108199 00104070aATENEOMbATENEOMcDEPO2d2008-01-17eSCl0oC-42125p1112905r2023-02-23 00:00:00w2023-02-23yMONOGRAFIA